| 000 | 01216nam0a22003251 4500 | ||
|---|---|---|---|
| 001 | rc\474944 | ||
| 005 | 20260406183830.0 | ||
| 035 | _a(NLR Aleph) 005718205 | ||
| 090 |
_a7450237 _c7450237 |
||
| 100 | _a20030616d1987 |||y0rusy50 ca | ||
| 101 | 0 |
_arus _aest |
|
| 102 | _aRU | ||
| 105 | _aa ||||||||| | ||
| 200 | 1 |
_aВиктор Андреевич Маамяги _e[Историк] _eПерсон. указ. лит. _f[Сост. Х.К. Хаасмаа и др. _gАвт. вступ. ст. Э. Лаул] |
|
| 210 |
_aТаллин _cАН ЭССР _d1987 |
||
| 215 |
_aXLI, 116, [1] с. _cпортр. _d20 |
||
| 225 | 1 |
_aУченые Советской Эстонии _fАН ЭССР, Науч. б-ка |
|
| 300 | _aЗагл. обл.: Viktor Maamăgi | ||
| 300 | _aЗагл. также: эст. | ||
| 300 | _aЧасть текста парал.: эст., рус. | ||
| 512 | 0 | _aVictor Maamagi | |
| 702 | 1 |
_aХаасмаа _bХ.К. _4220 |
|
| 712 | 0 | 2 |
_aАН ЭССР _cТаллин _bЦентральная библиотека _3RU\NLR\AUTH\889949094 _9393840 |
| 801 | 0 |
_aRU _bNLR _gpsbo |
|
| 801 | 1 |
_aRU _bELAR _2rusmarc |
|
| 852 |
_aNLR _bОНЛ |
||
| 852 |
_aNLR _jОНЛ |
||
| 942 | _cBOOK | ||
| 980 | _aNB | ||